| 000 | 00807nam a22002057a 4500 | ||
|---|---|---|---|
| 003 | OSt | ||
| 005 | 20250822200036.0 | ||
| 008 | 250212b |||||||| |||| 00| 0 eng d | ||
| 040 | _c0 | ||
| 082 | _aDPer 372.05 EL269 September-December 2023 v. 124 n. 1-2 | ||
| 100 |
_aBastian, kevin C. _eauthor. _965173 |
||
| 245 |
_aSubject-area specialization and teacher retention / _cKevin C. Bastian, C. Kevin Fortner, and Kate Caton. |
||
| 260 |
_aUSA ; _bThe University of Chicago Press, _cDecember 2023. |
||
| 300 |
_aVolume 124, pages 343-366, _billustration. |
||
| 500 | _aThe Elementary School Journal, v. 124, n. 2, pages 343-366, December 2023 | ||
| 700 |
_aBastian, kevin C. _eauthor. _965173 |
||
| 700 |
_aFortner, C. Kevin. _eauthor. _965174 |
||
| 700 |
_aCaton, Kate. _eauthor. _965175 |
||
| 942 |
_2ddc _cPER |
||
| 999 |
_c23418 _d23418 |
||